International Monetary Fund Annual Report 2009 : Fighting the Global Crisis.

The IMF's 2009 Annual Report chronicles the response of the Fund's Executive Board and staff to the global financial crisis and other events during financial year 2009, which covers the period from May 1, 2008, through April 30, 2009. The print version of the Report is available in eight l...

Ful tanımlama

Detaylı Bibliyografya
Müşterek Yazar: International Monetary Fund
Materyal Türü: Dergi
Dil:English
Baskı/Yayın Bilgisi: Washington, D.C. : International Monetary Fund, 2009.
Seri Bilgileri:Annual Report of the Executive Board; Annual Report of the Executive Board ; No. 2009/001
Online Erişim:Full text available on IMF
LEADER 01732cas a2200241 a 4500
001 AALejournalIMF010990
008 230101c9999 xx r poo 0 0eng d
020 |z 9781589068810 
022 |a 2227-8923 
040 |a BD-DhAAL  |c BD-DhAAL 
110 2 |a International Monetary Fund. 
240 1 0 |a International Monetary Fund Annual Report 2009: Fighting the Global Crisis.  |l Arabic 
245 1 0 |a International Monetary Fund Annual Report 2009 :   |b Fighting the Global Crisis. 
264 1 |a Washington, D.C. :  |b International Monetary Fund,  |c 2009. 
300 |a 1 online resource (82 pages) 
490 1 |a Annual Report of the Executive Board 
500 |a <strong>Off-Campus Access:</strong> No User ID or Password Required 
500 |a <strong>On-Campus Access:</strong> No User ID or Password Required 
506 |a Electronic access restricted to authorized BRAC University faculty, staff and students 
520 3 |a The IMF's 2009 Annual Report chronicles the response of the Fund's Executive Board and staff to the global financial crisis and other events during financial year 2009, which covers the period from May 1, 2008, through April 30, 2009. The print version of the Report is available in eight languages (Arabic, Chinese, English, French, German, Japanese, Russian, and Spanish), along with a CD-ROM (available in English only) that includes the Report text and ancillary materials, including the Fund's Financial Statements for FY2009. 
538 |a Mode of access: Internet 
830 0 |a Annual Report of the Executive Board; Annual Report of the Executive Board ;  |v No. 2009/001 
856 4 0 |z Full text available on IMF  |u http://elibrary.imf.org/view/books/011/10247-9781589068810-ar/10247-9781589068810-ar-book.xml  |z IMF e-Library